| 000 | 00449cam a22001934a 4500 | ||
|---|---|---|---|
| 005 | 20250605164325.0 | ||
| 008 | 250528s ||||||||||||||||||||||||d | ||
| 035 | _a22997 | ||
| 020 | _a9780415102445 | ||
| 040 |
_aGR-AtMCL _bgre _dGR-AtMCL _eAACR2 |
||
| 245 | 1 | _aTEXTS,FACTS AND FEMINITY | |
| 250 | _a1 | ||
| 260 |
_bRouledge, _c1990 |
||
| 300 | _a247 | ||
| 700 | 1 |
_aSmith Dorothy E _98586 |
|
| 942 | _cBK | ||
| 999 |
_c8038 _d8038 |
||